The disciple's manual / (Record no. 143652)

MARC details
000 -LEADER
fixed length control field 00549nam a22001817a 4500
005 - DATE AND TIME OF LATEST TRANSACTION
control field 20170822144731.0
010 ## - LCCN (DPL NO)
LC control number ENG-119946
020 ## - INTERNATIONAL STANDARD BOOK NUMBER
International Standard Book Number 9789381016596
Terms of availability 330.00
035 ## - SYSTEM CONTROL NUMBER
System control number EN-103478
037 ## - SOURCE OF ACQUISITION
Source of stock number/acquisition DBAB/PUB
082 ## - DEWEY DECIMAL CLASSIFICATION NUMBER
Classification number 248.4
100 ## - MAIN ENTRY--PERSONAL NAME
Personal name MacDonald, William
245 ## - TITLE STATEMENT
Title The disciple's manual /
Statement of responsibility, etc by William MacDonald
260 ## - PUBLICATION, DISTRIBUTION, ETC. (IMPRINT)
Place of publication, distribution, etc Chennai
Name of publisher, distributor, etc Moriah Ministeries
Date of publication, distribution, etc 2015
270 ## - ADDRESS
Address No. 31/33, Water Tank Road, MMDA Colony Arumbakkam,
City Chennai
Postal code 600106
300 ## - PHYSICAL DESCRIPTION
Extent x,398p.
Dimensions 24cm(pbk)
942 ## - ADDED ENTRY ELEMENTS (KOHA)
Source of classification or shelving scheme Dewey Decimal Classification
Item type English Books
Classification part 248.4
Call number suffix MAC
Holdings
Withdrawn status Lost status Not for loan Collection code Home library Current library Date acquired Source of acquisition Cost, normal purchase price Full call number Barcode Copy number Cost, replacement price Koha item type
      Non-fiction Shahdara Branch Shahdara Branch 22/08/2017 DBAD/PUB 330.00 248.4 MAC EN-103478 1 330.00 English Books

© Delhi Public Library
Hit Counter
free hit counter